[Event "POL-chT1"]
[Site "Poronin"]
[Date "2014.09.03"]
[Round "4.1"]
[White "Iwanow, Anna"]
[Black "Stoma, Pawel"]
[Result "1-0"]
[WhiteElo "2227"]
[BlackElo "2339"]
[PlyCount "53"]
[EventDate "2014.08.31"]
[EventType "team-tourn"]
[EventRounds "9"]
[EventCountry "POL"]
[SourceTitle "CBM 162 Extra"]
[Source "ChessBase"]
[SourceDate "2014.10.17"]
[SourceVersion "1"]
[SourceVersionDate "2014.10.17"]
[SourceQuality "1"]
[WhiteTeam "Wroclaw Polonia II"]
[BlackTeam "Lublin Drakon SKOK Chmielewskiego"]
[WhiteTeamCountry "POL"]
[BlackTeamCountry "POL"]

1. e4 c6 2. d4 d5 3. Nc3 g6 4. Nf3 Bg4 5. Be3 Bg7 6. h3 Bxf3 7. Qxf3 dxe4 8. Nxe4 Nd7 9. 0-0-0 Ngf6 10. Bd3 0-0 11. c3 Qa5 12. Kb1 Nxe4 13. Bxe4 e5 14. d5 f5 15. Bc2 e4 16. Qe2 c5 17. h4 Ne5 18. Bf4 Rae8 19. h5 b5 20. hxg6 hxg6 21. Bxe5 Rxe5 22. g4 b4 23. d6 Bf6 24. Bb3+ Kg7 25. Qe3 f4 26. Qxf4 c4 27. Qh6+ 1-0